Measurement of liabilities in IAS 37

Oceňovanie je jedným z nosných problémov účtovníctva. Zmeny v oceňovaní sú v zverejnenom návrhu novely IAS 37 - Rezervy, podmienené záväzky a podmienené aktíva. Ciele zverejneného návrhu. Hlavné body navrhovaných požiadaviek na oceňovanie. Definície pojmov. Príklad - oceňovanie povinnosti na odstrán...

Descrizione completa

Salvato in:
Dettagli Bibliografici
Autore principale: Šlosárová, Anna
Natura: Capitolo di libro
Lingua:slovacco
Soggetti:
Tags: Aggiungi Tag
Nessun Tag, puoi essere il primo ad aggiungerne!!

MARC

LEADER 00000nla$a2200000$$$4500
001 0114301
005 20240502072255.9
041 0 |a slo 
044 |a SK 
245 1 0 |a Measurement of liabilities in IAS 37  |c Anna Šlosárová 
520 |a Oceňovanie je jedným z nosných problémov účtovníctva. Zmeny v oceňovaní sú v zverejnenom návrhu novely IAS 37 - Rezervy, podmienené záväzky a podmienené aktíva. Ciele zverejneného návrhu. Hlavné body navrhovaných požiadaviek na oceňovanie. Definície pojmov. Príklad - oceňovanie povinnosti na odstránenie majetku. 
610 2 0 |a oceňovanie 
610 2 0 |a záväzky 
610 2 0 |a štandardy účtovné medzinárodné 
610 2 0 |a IAS 37 
100 1 |a Šlosárová, Anna